| 000 | 01425nam a2200253Ia 4500 | ||
|---|---|---|---|
| 003 | Ost | ||
| 005 | 20260507075100.0 | ||
| 008 | 260507s9999||||xx |||||||||||||| ||und|| | ||
| 020 | _a7118403977 | ||
| 040 | _cfsecg | ||
| 041 | _aara | ||
| 082 | _a346.0482 | ||
| 100 |
_aالزعبي، محمد علي فارس _eمؤلف |
||
| 245 | 0 |
_aالحماية القانونية لقواعد البيانات وفقا لقانون حق المؤلف : _bدراسة مقارنة ما بين النظام اللاتيني والنظام الأنجلوأمريكي / _c محمد علي فارس الزعبي |
|
| 260 |
_aالاسكندرية: _bمنشأة المعارف, _c2003 |
||
| 300 |
_a443 صفحة؛ _c24 سم |
||
| 490 | _aالكتب القانونية | ||
| 504 | _aبيبليوغرافيا ص.405 | ||
| 520 | _aالتعريف وشروط الحماية،تعريف قاعدة البيانات،شروط الحماية،تحديد وتكييف قاعدة البيانات،تحديد المؤلف،تكييف قاعدة البيانات،الحقوق الواردة على قاعدة البيانات،الحقوق الأدبية،الحقوق المالية،الإستثناءات الواردة على حق الاستغلال المالي لمؤلف قاعدة البيانات | ||
| 653 | _aحق التاليف والنشر | ||
| 653 | _aقانون | ||
| 653 | _aقواعد البيانات | ||
| 942 | _cكتاب | ||
| 999 |
_c42781 _d42781 |
||